00518nam a2200145 i 4500001000700000003000900007005001700016008004100033100002700074245005300101260009800154300002200252710007400274852002400348175706ES-MaACL20230906215910.0101118s1995 sp |||| | spa d1 aLinage Conde, Antonio.10aFuneral en las Salesas / cAntonio Linage Conde. aCórdoba : bReal Academia de Córdoba, de Ciencias, Bellas Letras y Nobles Artes, c[1995] a[2] p. ; c24 cm.2 aReal Academia de Córdoba de Ciencias, Bellas Letras y Nobles Artes. aES-MaACLj2303-F-28